| 000 | 00000nam 2200000zi 4500 |
| 001 | 9.941115 |
| 003 | CaOODSP |
| 005 | 20250206125415 |
| 006 | m o d f |
| 007 | cr mn||||||||| |
| 008 | 240726s2012####onc ob f|0| 0 fre d |
| 040 | |aCaOODSP|bfre|erda|cCaOODSP |
| 043 | |an-cn--- |
| 086 | 1 |aA104-566/2012F-PDF |
| 245 | 00|aPlan d’action pour assurer la sécurité des produits alimentaires rapport : |bétudes ciblées 2011-2012 - allergènes : présence non déclarée d’œufs dans les pâtes alimentaires. |
| 246 | 10|aPrésence non déclarée d’œufs dans les pâtes alimentaires |
| 264 | 1|a[Ottawa] : |bAgence canadienne d'inspection des aliments = Canadian Food Inspection Agency, |c[2012] |
| 300 | |a1 ressource en ligne (9 pages) |
| 336 | |atexte|btxt|2rdacontent/fre |
| 337 | |ainformatique|bc|2rdamedia/fre |
| 338 | |aressource en ligne|bcr|2rdacarrier/fre |
| 500 | |aTitre de la couverture. |
| 500 | |a« TS-CHEM-11/12. » |
| 500 | |a« SGDDI No 3635349. » |
| 500 | |aPublié aussi en anglais sous le titre : Food Safety Action Plan report: 2011-2012 targeted surveys - allergens : undeclared egg in pasta. |
| 504 | |aComprend des références bibliographiques (page 9). |
| 520 | |a« Les principaux objectifs de l’étude ciblée sur la présence non déclarée d’œufs dans les pâtes alimentaires sont : d’obtenir des renseignements de base sur la présence non déclarée et la concentration d’œufs dans les pâtes alimentaires; de cerner les risques en matière de salubrité des aliments que peut poser la présence non déclarée d’œufs dans les pâtes alimentaires » -- Sommaire, page 2. |
| 650 | 6|aAllergènes|zCanada. |
| 650 | 6|aAllergie alimentaire|zCanada. |
| 650 | 6|aAliments|xInspection|zCanada. |
| 710 | 2 |aAgence canadienne d'inspection des aliments, |eorganisme de publication. |
| 775 | 08|tFood Safety Action Plan report : |w(CaOODSP)9.938049 |
| 856 | 40|qPDF|s507 Ko|uhttps://publications.gc.ca/collections/collection_2024/acia-cfia/A104-566-2012-fra.pdf |